<?xml version="1.0" encoding="UTF-8"?>
<record
    xmlns:xsi="http://www.w3.org/2001/XMLSchema-instance"
    xsi:schemaLocation="http://www.loc.gov/MARC21/slim http://www.loc.gov/standards/marcxml/schema/MARC21slim.xsd"
    xmlns="http://www.loc.gov/MARC21/slim">

  <leader>03920cam a22002658i 4500</leader>
  <controlfield tag="001">23715000</controlfield>
  <controlfield tag="005">20250521092836.0</controlfield>
  <controlfield tag="008">240531s2025    enk      b    001 0 eng  </controlfield>
  <datafield tag="010" ind1=" " ind2=" ">
    <subfield code="a">  2024023187</subfield>
  </datafield>
  <datafield tag="020" ind1=" " ind2=" ">
    <subfield code="a">9781009098724</subfield>
    <subfield code="q">(hardback)</subfield>
  </datafield>
  <datafield tag="040" ind1=" " ind2=" ">
    <subfield code="a">DLC</subfield>
    <subfield code="b">eng</subfield>
    <subfield code="e">rda</subfield>
    <subfield code="c">DLC</subfield>
  </datafield>
  <datafield tag="041" ind1=" " ind2=" ">
    <subfield code="a">eng</subfield>
  </datafield>
  <datafield tag="042" ind1=" " ind2=" ">
    <subfield code="a">pcc</subfield>
  </datafield>
  <datafield tag="050" ind1="0" ind2="0">
    <subfield code="a">P301.5.P47</subfield>
    <subfield code="b">M3226 2025</subfield>
  </datafield>
  <datafield tag="245" ind1="0" ind2="0">
    <subfield code="a">Manipulation, influence and deception </subfield>
    <subfield code="b">: the changing landscape of persuasive language </subfield>
    <subfield code="c">/ edited by Sofia R&#xFC;diger, University of Bayreuth, Daria Dayter, University of Basel.</subfield>
  </datafield>
  <datafield tag="260" ind1=" " ind2=" ">
    <subfield code="a">Cambridge ;</subfield>
    <subfield code="a">New York, NY :</subfield>
    <subfield code="b">Cambridge University Press,</subfield>
    <subfield code="c">2025.</subfield>
  </datafield>
  <datafield tag="300" ind1=" " ind2=" ">
    <subfield code="a">xv, 314 pages : illustrations ; 24 cm</subfield>
  </datafield>
  <datafield tag="504" ind1=" " ind2=" ">
    <subfield code="a">Includes bibliographical references and index.</subfield>
  </datafield>
  <datafield tag="505" ind1="0" ind2=" ">
    <subfield code="a">(Re)framing persuasion. Persuasion and influence in linguistic research &#x2014;
Persuasion, manipulation, seduction &#x2014; through a pragmatic lens &#x2014;
Persuasion and (new) contexts of use. Preference organisation and turn design as interactional resources for persuasion in telesales &#x2014;
Persuasive politics &#x2014; the strategic use of negative evaluations in US election campaign tweets &#x2014;
A cross-context examination of online comments' perceived persuasion power &#x2014;
A terrible experience!!! vs. A terrible experience &#x2014; how paralinguistic features in online hotel reviews influence hotel responses &#x2014;
Influencing people around the globe &#x2014; the linguistic expression of persuasion across varieties of English worldwide &#x2014;
The dark side of persuasion. The importance of context in analysing the incitement of violence &#x2014; a case study of an online community &#x2014;
"I'd say that being here has helped me" &#x2014; attracting new members to online incel communities &#x2014;
Language, manipulation, and online radicalisation &#x2014; weaponising discourses of masculinity on r/The_Donald &#x2014;
Persuasion and algorithms. Disinformation and algorithms &#x2014; amplification, reception and correction &#x2014;
Charismatic speech breathing &#x2014; how perceived speaker traits are linked to chest and abdominal breathing patterns &#x2014;
Appeals to expertise make robots persuasive in human&#x2013;robot healthcare robot interaction &#x2014;
Discussion. An ecological approach to manipulation, influence and deception.</subfield>
  </datafield>
  <datafield tag="520" ind1=" " ind2=" ">
    <subfield code="a">In an era characterised by information saturation and the rapid evolution of digital communication platforms, the study of persuasive language is undergoing profound developments. Bringing together cutting-edge research from a team of internationally acclaimed experts, this timely book examines the transformations occurring in the domain of persuasive language in contemporary society. It dissects the intricate web of manipulation, influence and deception, providing in-depth analyses of the potent mechanisms governing communication. Each chapter offers empirical insights from a range of different scholarly perspectives, including corpus linguistics, conversation analysis, forensic linguistics, pragmatics, discourse analysis, phonetics and human-robot interactions. It opens with a comprehensive introductory chapter, making the research accessible to readers without extensive background knowledge. Equipping readers with the tools to critically engage with the multifaceted dynamics of language and persuasion, this is an indispensable resource for anyone striving to fathom the evolving realm of persuasive language.

Provides interdisciplinary approaches to the language of persuasion  &#x2014;
Includes extensive introductory material as well as a comprehensive discussion chapter, making the research accessible to readers without extensive background knowledge  &#x2014;
Showcases various methodological approaches, such as conversation analysis, corpus linguistics, discourse analysis and experimental studies.</subfield>
  </datafield>
  <datafield tag="650" ind1=" " ind2="0">
    <subfield code="a">Persuasion (Rhetoric)</subfield>
    <subfield code="9">11703</subfield>
  </datafield>
  <datafield tag="700" ind1=" " ind2=" ">
    <subfield code="a">R&#xFC;diger, Sofia</subfield>
    <subfield code="e">editor</subfield>
    <subfield code="9">25265</subfield>
  </datafield>
  <datafield tag="700" ind1=" " ind2=" ">
    <subfield code="a">Dayter, Daria</subfield>
    <subfield code="e">editor</subfield>
    <subfield code="9">25266</subfield>
  </datafield>
  <datafield tag="942" ind1=" " ind2=" ">
    <subfield code="2">lcc</subfield>
  </datafield>
  <datafield tag="952" ind1=" " ind2=" ">
    <subfield code="0">0</subfield>
    <subfield code="1">0</subfield>
    <subfield code="2">lcc</subfield>
    <subfield code="4">0</subfield>
    <subfield code="7">0</subfield>
    <subfield code="a">TBS</subfield>
    <subfield code="b">TBS</subfield>
    <subfield code="d">2025-05-19</subfield>
    <subfield code="l">1</subfield>
    <subfield code="o">P301.5.P47 RUD</subfield>
    <subfield code="p">B05724</subfield>
    <subfield code="r">2025-10-28</subfield>
    <subfield code="s">2025-06-11</subfield>
    <subfield code="t">1</subfield>
    <subfield code="w">2025-05-19</subfield>
    <subfield code="y">1</subfield>
  </datafield>
  <datafield tag="999" ind1=" " ind2=" ">
    <subfield code="c">4678</subfield>
    <subfield code="d">4678</subfield>
  </datafield>
</record>
